| 000 | 00857nam a22002417a 4500 | ||
|---|---|---|---|
| 999 |
_c19191 _d19191 |
||
| 003 | AR-CdUCM | ||
| 008 | 190516b ||||| |||| 00| 0 spa d | ||
| 040 |
_aMUNICIPALIDAD PROVINCIAL DEL CUSCO _cBIBLIOTECA MUNICIPAL DEL CUSCO |
||
| 041 | _hfre | ||
| 082 |
_a843 / _bSE36 |
||
| 100 |
_aSegur, Condesa de _927849 |
||
| 245 | _aLas desgracias de Sofia / | ||
| 260 |
_aBarcelona : _bMolino, _c1960. |
||
| 300 |
_a144 páginas ; _bilustraciones, _c19 cm. |
||
| 505 | _aContenido: La muñeca de cera -- El entierro -- La cal -- Los pececillos -- El pollito negro -- La abeja -- Los cabellos mojados ... | ||
| 650 |
_aLiteratura Francesa _9614 |
||
| 650 |
_aSiglo XX _98 |
||
| 650 |
_aCuentos _9217 |
||
| 700 |
_aPiquerez, Delia (traducción) _926680 |
||
| 700 |
_aRamirez, Pablo (ilustraciones) _940383 |
||
| 942 |
_2ddc _cLIBROS |
||
| 945 |
_aachl _d2019-05-16 |
||